| 000 | 00929nam a2200193Ia 4500 | ||
|---|---|---|---|
| 999 |
_c38965 _d38965 |
||
| 001 | 5417 | ||
| 003 | GE_BSU | ||
| 005 | 20190627190057.0 | ||
| 008 | 181216s1980||||ge |||||||||||||| ||geo|| | ||
| 080 | _a007(075.8)+519.72(072.8) ბ-33 | ||
| 100 |
_aბაღათურია, გ. _92730 |
||
| 245 |
_aინფორმაციის გამოყენებითი თეორიის საფუძვლები : დამხმ. სახელმძღ. / _cგ. ბაღათურია ; რედ : მ.ძიძიგური. |
||
| 264 |
_aთბილისი : _bსპი, _c1980. |
||
| 300 |
_a75 გვ .: _bნახაზ. _c20 სმ. |
||
| 504 | _aბიბლიოგრ.: გვ.73. | ||
| 653 | _aინფორმაციის გამოყენებითი თეორია. | ||
| 700 |
_aძიძიგური, მ _eრედაქტორი _9472 |
||
| 942 |
_cBK _2udc |
||